El tiempo en la Edad Moderna

Spremljeno u:
Bibliografski detalji
Glavni autor: Grand Ruiz, Beatriz Hilda (Autor)
Format: Knjiga
Jezik:španjolski
Izdano: Buenos Aires Clepsidra 1987
Teme:
Oznake: Dodaj oznaku
Bez oznaka, Budi prvi tko označuje ovaj zapis!

MARC

LEADER 00000nam a2200000 a 4500
001 UCX0518
003 CL-VaPUC
008 891102e19870000AG |||||||||||||||||spa|d
082 0 4 |a 115  |b GRA  |2 21 
100 |a Grand Ruiz, Beatriz Hilda  |e author  |9 316499 
245 1 3 |a El tiempo en la Edad Moderna 
300 |a 2 v 
942 |c BK 
945 |d 19891102 00:00:00 
260 |a Buenos Aires  |b Clepsidra  |c 1987 
500 |a v.1: Bacon, Newton, Descartes Spinoza Leibniz..etc 
500 |a v.2: Schopenhauer, Comte, Feuerbach, Kierkegaard, Marx, Engels, Nietzsche 
650 0 |a Tiempo   |9 267892 
650 0 |a Metafísica  |9 265649 
650 0 |a Infinito  |9 312136 
583 |a last modification  |c 19891102 00:00:00  |k Rodrigo Vera 
999 |c 222097  |d 222095 
952 |0 0  |1 0  |4 0  |6 115_000000000000000_GRA_1987  |7 0  |8 A  |9 216349  |a BIBEDU  |b BIBEDU  |d 2019-11-15  |h v.1  |i 2849666  |o 115 GRA 1987  |p 2849666  |r 2019-11-15  |w 2019-11-15  |y BK  |k FIL 
952 |0 0  |1 0  |4 0  |6 115_000000000000000_GRA_1987  |7 0  |8 A  |9 216350  |a BIBEDU  |b BIBEDU  |d 2019-11-15  |h v.2  |i 2849674  |o 115 GRA 1987  |p 2849674  |r 2019-11-15  |w 2019-11-15  |y BK  |k FIL